Statistics for Top Movies on IMDB

Click here to take the quiz!

General Stats

  • This quiz has been taken 584 times
  • The average score is 52 of 244

Answer Stats

InitialsTitle% Correct
MM (1931)
77%
TGThe Godfather (1972)
71%
SWStar Wars (1977)
70%
TDKThe Dark Knight (2008)
60%
GwtWGone with the Wind (1939)
59%
TLotRTRotKThe Lord of the Rings: The Return of the King (2003)
59%
TLotRTFotRThe Lord of the Rings: The Fellowship of the Ring (2001)
58%
CCasablanca (1942)
57%
PPsycho (1960)
56%
TLotRTTTThe Lord of the Rings: The Two Towers (2002)
56%
PFPulp Fiction (1994)
54%
FGForrest Gump (1994)
52%
IInception (2010)
52%
TSRThe Shawshank Redemption (1994)
51%
TSToy Story (1995)
51%
TDKRThe Dark Knight Rises (2012)
49%
CKCitizen Kane (1941)
47%
SLSchindler's List (1993)
44%
OFOtCNOne Flew Over the Cuckoo's Nest (1975)
43%
SWEV-TESBStar Wars: Episode V - The Empire Strikes Back (1980)
43%
FCFight Club (1999)
41%
GGladiator (2000)
41%
SPRSaving Private Ryan (1998)
41%
TS3Toy Story 3 (2010)
41%
GGoodfellas (1990)
40%
JJaws (1975)
40%
TSThe Shining (1980)
40%
AAlien (1979)
39%
VVertigo (1958)
38%
88½ (1963)
37%
BBBatman Begins (2005)
37%
DUDjango Unchained (2012)
37%
SWEV-RotJStar Wars: Episode VI - Return of the Jedi (1983)
37%
TSotLThe Silence of the Lambs (1991)
37%
RWRear Window (1954)
36%
RRocky (1976)
36%
ANApocalypse Now (1979)
35%
RotLARaiders of the Lost Ark (1981)
35%
RDReservoir Dogs (1992)
35%
TGPIThe Godfather: Part II (1974)
35%
TLKThe Lion King (1994)
35%
TMThe Matrix (1999)
35%
TWoOThe Wizard of Oz (1939)
35%
HPatDHP2Harry Potter and the Deathly Hallows: Part 2 (2011)
34%
TDTaxi Driver (1976)
34%
TDThe Departed (2006)
33%
ABAmerican Beauty (1999)
32%
BttFBack to the Future (1985)
32%
TGMThe Green Mile (1999)
32%
TKaMTo Kill a Mockingbird (1962)
32%
1AM12 Angry Men (1957)
31%
ACOA Clockwork Orange (1971)
31%
AAliens (1986)
31%
IaWLIt's a Wonderful Life (1946)
31%
VfVV for Vendetta (2005)
31%
BBraveheart (1995)
30%
MMemento (2000)
30%
NbNNorth by Northwest (1959)
30%
TUSThe Usual Suspects (1995)
30%
UUp (2009)
30%
BBen-Hur (1959)
29%
LoALawrence of Arabia (1962)
29%
RBRaging Bull (1980)
29%
SScarface (1983)
29%
WWALL·E (2008)
29%
AHXAmerican History X (1998)
28%
D9District 9 (2009)
28%
FFargo (1996)
28%
SSe7en (1995)
28%
8ASO2001: A Space Odyssey (1968)
27%
JPJurassic Park (1993)
27%
NCfOMNo Country for Old Men (2007)
27%
OtWOn the Waterfront (1954)
27%
AQotWFAll Quiet on the Western Front (1930)
26%
FNFinding Nemo (2003)
26%
PPlatoon (1986)
26%
SLIHSome Like It Hot (1959)
26%
ESotSMEternal Sunshine of the Spotless Mind (2004)
25%
FMJFull Metal Jacket (1987)
25%
GWHGood Will Hunting (1997)
25%
AAmadeus (1984)
24%
AHAnnie Hall (1977)
24%
BRBlade Runner (1982)
24%
MTModern Times (1936)
24%
SitRSingin' in the Rain (1952)
24%
TGDThe Great Dictator (1940)
24%
TSThe Sting (1973)
24%
CL City Lights (1931)
23%
IJatLCIndiana Jones and the Last Crusade (1989)
23%
MMetropolis (1927)
23%
TAThe Apartment (1960)
23%
TAThe Avengers (2012)
23%
TBotRKThe Bridge on the River Kwai (1957)
23%
TDHThe Deer Hunter (1978)
23%
TPThe Pianist (2002)
23%
TTThe Terminator (1984)
23%
UUnforgiven (1992)
23%
LLéon (1994)
22%
OUaTiAOnce Upon a Time in America (1984)
22%
TBLThe Big Lebowski (1998)
22%
TGThe Graduate (1967)
22%
AAEAll About Eve (1950)
21%
BCatSKButch Cassidy and the Sundance Kid (1969)
21%
RRebecca (1940)
21%
TMFThe Maltese Falcon (1941)
21%
CCasino (1995)
20%
DHDie Hard (1988)
20%
GGandhi (1982)
20%
TGEThe Great Escape (1963)
20%
TKSThe King's Speech (2010)
20%
TPThe Prestige (2006)
20%
TWBBThere Will Be Blood (2007)
20%
ABMA Beautiful Mind (2001)
19%
BatBBeauty and the Beast (1991)
19%
CChinatown (1974)
19%
DSoHILtSWaLtBDr. Strangelove or: How I Learned to Stop Worrying and Love the Bomb (1964)
19%
KBV1Kill Bill: Vol. 1 (2003)
19%
RMRain Man (1988)
19%
TGoWThe Grapes of Wrath (1940)
19%
TKThe Kid (1921)
19%
TSSThe Sixth Sense (1999)
19%
ASNDA Streetcar Named Desire (1951)
18%
DIDouble Indemnity (1944)
18%
IHONIt Happened One Night (1934)
18%
MDBMillion Dollar Baby (2004)
18%
MPatHGMonty Python and the Holy Grail (1975)
18%
PotCTCotBPPirates of the Caribbean: The Curse of the Black Pearl (2003)
18%
RfaDRequiem for a Dream (2000)
18%
SIShutter Island (2010)
18%
TBYoOLThe Best Years of Our Lives (1946)
18%
DDDonnie Darko (2001)
17%
LCL.A. Confidential (1997)
17%
MSGtWMr. Smith Goes to Washington (1939)
17%
TTMThe Third Man (1949)
17%
TTotSMThe Treasure of the Sierra Madre (1948)
17%
CHLCool Hand Luke (1967)
16%
DMfMDial M for Murder (1954)
16%
GTGran Torino (2008)
16%
HtTYDHow to Train Your Dragon (2010)
16%
IBInglourious Basterds (2009)
16%
RRan (1985)
16%
TGThe General (1926)
16%
DBDas Boot (1981)
15%
HNHigh Noon (1952)
15%
MIMonsters, Inc. (2001)
15%
PoGPaths of Glory (1957)
15%
SSnatch. (2000)
15%
SBSunset Blvd. (1950)
15%
TEThe Exorcist (1973)
15%
TGRThe Gold Rush (1925)
15%
TTrainspotting (1996)
15%
HHeat (1995)
14%
LoPLife of Pi (2012)
14%
NNetwork (1976)
14%
RRashômon (1950)
14%
SMSlumdog Millionaire (2008)
14%
STStar Trek (2009)
14%
3I3 Idiots (2009)
13%
DDADog Day Afternoon (1975)
13%
LvèbLa vita è bella (1997)
13%
LoBLife of Brian (1979)
13%
NNotorious (1946)
13%
SCSin City (2005)
13%
SoaTStrangers on a Train (1951)
13%
TAThe Artist (2011/I)
13%
TTSThe Truman Show (1998)
13%
BLBarry Lyndon (1975)
12%
HRHotel Rwanda (2004)
12%
RHRoman Holiday (1953)
12%
RRope (1948)
12%
TBSThe Big Sleep (1946)
12%
BSBlack Swan (2010)
11%
ItNotFIn the Name of the Father (1993)
11%
IIntouchables (2011)
11%
LSaTSBLock, Stock and Two Smoking Barrels (1998)
11%
PPapillon (1973)
11%
ToETouch of Evil (1958)
11%
WWarrior (2011)
11%
WAoVWWho's Afraid of Virginia Woolf? (1966)
11%
WftPWitness for the Prosecution (1957)
11%
GDGroundhog Day (1993)
10%
IIkiru (1952)
10%
ItWInto the Wild (2007)
10%
MRMystic River (2003)
10%
TBUThe Bourne Ultimatum (2007)
10%
TEMThe Elephant Man (1980)
10%
THThe Hustler (1961)
10%
TKThe Killing (1956)
10%
TMWSLVThe Man Who Shot Liberty Valance (1962)
10%
ApAmores perros (2000)
9%
CdDCidade de Deus (2002)
9%
RBRosemary's Baby (1968)
9%
S1Stalag 17 (1953)
9%
SbMStand by Me (1986)
9%
TNotHThe Night of the Hunter (1955)
9%
TPBThe Princess Bride (1987)
9%
TTThe Thing (1982)
9%
TMTwelve Monkeys (1995)
9%
DUDer Untergang (2004)
8%
HHarvey (1950)
8%
LdbLadri di biciclette (1948)
8%
LhLa haine (1995)
8%
LsLa strada (1954)
8%
LfddPLe fabuleux destin d'Amélie Poulain (2001)
8%
PPersona (1966)
8%
SStalker (1979)
8%
THAUJThe Hobbit: An Unexpected Journey (2012)
8%
TWBThe Wild Bunch (1969)
8%
AoaMAnatomy of a Murder (1959)
7%
EldfEl laberinto del fauno (2006)
7%
EsdsoEl secreto de sus ojos (2009)
7%
IbibicIl buono, il brutto, il cattivo. (1966)
7%
IIncendies (2010)
7%
LdLes diaboliques (1955)
7%
LqccLes quatre cents coups (1959)
7%
MaMMary and Max (2009)
7%
NCPNuovo Cinema Paradiso (1988)
7%
OOldeuboi (2003)
7%
RRatatouille (2007)
7%
SSleuth (1972)
7%
TMCThe Manchurian Candidate (1962)
7%
CuviWC'era una volta il West (1968)
6%
FoAFanny och Alexander (1982)
6%
JJagten (2012)
6%
MMononoke-hime (1997)
6%
PqdipPer qualche dollaro in più (1965)
6%
TZPTaare Zameen Par (2007)
6%
YMYip Man (2008)
6%
YYôjinbô (1961)
6%
DLdADas Leben der Anderen (2006)
5%
PupddPer un pugno di dollari (1964)
5%
TnTTonari no Totoro (1988)
5%
LselpLe scaphandre et le papillon (2007)
4%
HnhHotaru no haka (1988)
3%
StCnkSen to Chihiro no kamikakushi (2001)
3%
MgdMou gaan dou (2002)
2%
SnsShichinin no samurai (1954)
2%
DsiDet sjunde inseglet (1957)
0%
HnusHauru no ugoku shiro (2004)
0%
JNaSJodaeiye Nader az Simin (2011)
0%
KntnNKaze no tani no Naushika (1984)
0%
ScSalinui chueok (2003)
0%
SSmultronstället (1957)
0%
T0JDTerminator 2: Judgment Day (1991)
0%

Score Distribution

Percentile by Number Answered

Percent of People with Each Score

Your Score History

You have not taken this quiz